00000000nam##2200000za#4500
0019.603148
003CaOODSP
00520220107134004
007cr |||||||||||
008150406|1999||||xxc|||||o    f|0| 0 fre|d
040 |aCaOODSP|bfre
043 |an-cn---
0861 |aH72-22/6-1998F-PDF
1102 |aCentre national d'information sur la violence dans la famille (Canada)
24510|aMauvais traitements et négligence à l'égard des aînés |h[ressource électronique]
250 |aRév.
260 |aOttawa - Ontario : |bSanté Canada. |cMars 1999.
300 |a12p.|bréférences
4901 |aRenseignements du Centre national d'information sur la violence dans la famille
500 |aLe nº de catalogue (H72-22/6-1998F) et l'ISBN (0-662-82958-1) de l'édition imprimée ont été incorrectement copiés dans cette édition électronique.
590 |a12-10-Supp|b2012-03-23
69107|aViolence faite aux personnes âgées|2gcpds
77508|tAbuse and neglect of older adults |w(CaOODSP)9.572902
7760#|tMauvais traitements et négligence à l'égard des aînés / |w(CaOODSP)9.624746
830#0|aRenseignements du Centre national d'information sur la violence dans la famille.|w(CaOODSP)9.500887
85640|ahttp://publications.gc.ca|qPDF|s40 Ko|uhttps://publications.gc.ca/collections/Collection/H72-22-6-1998F.pdf